01236nam a2200265Ia 4500001000600000003000900006008004100015040001300056040001300069041001300082100001100095100002900106245003600135245005400171250001100225260001000236260001000246260004900256300005900305500051400364650001700878650003100895700001600926700002800942H1263IT-RoPAU130308s9999 xx 000 0 und d aIT-RoPAU cIT-RoPAU aFRANCESE aAA.VV. gCodice Aut. SPICS: 12000 aQuatrieme journee: l'humanitè bDefi Du XXI Siecle (Le): relier Les Connaissances a1a ed. aPARIS bSeuil c1999 [1° Ed.:1999 - Ed.Ling.Originale:1999] a"56 p. (prefazione: no ; testo: 56 [pagine: 161-216])" aQuarta Giornata: L'Umanità. Origine e Ambiente dei Primi Ominidi di Michel Brunet. Ominidi e Ominizzazione di Henry De Lumley Woodyear. Eredità, Genetica: Unità e Diversità Umane di Andre' Langaney. I Grandi Controlli del Corpo Umano di Andre' Giordan. Longevità Umana di Etienne Emile Baulieu.Biologia Umana e medicina Predittiva di Jacques Ruffie'. Economia: Dalla Unidimensionalità Alla Transdisciplinarità di Rene' Passet. Accesso All'Umanità in termini giuridici di Mireille Delmas Marty. aANTROPOLOGIA eCodice materia Spics: 3501 aMorin Edgar gCodice Aut. SPICS: 3555